000 00643nam a22001817a 4500
005 20251108170448.0
008 250721s1993 xx 000 0 ara d
082 1 4 _a213/سيو
100 1 _aالسيوطي، جلال الدين أبو الفضل عبد الرحمن ...
245 1 0 _aالسبل الجلية في الآباء العلية :
_bفضل الأبوين /
264 1 _aالقاهرة :
_bدار الأمين،
_c1993.
300 _a103ص
490 0 _aمن تراث السيوطي
650 1 7 _aالحديث الشريف
700 1 _aعزب، محمد زينهم محمد
_eتحقيق
942 _2ddc
_cBK
999 _c41078
_d41078